000
00290nam a22001337a 4500
008
170606b xxu||||| |||| 00| 0 eng d
020
_a
9780894718816
041
_a
eng
080
_a
94
100
_a
SHH
101
_a
18
245
_a
THE AGE OF FABLE
_c
THOMAS BULFINCH
942
_2
udc
_c
BK
999
_c
16159
_d
16159